Physical and mechanical properties of rubberwood (Record no. 48069)
[ view plain ]
| 000 -LEADER | |
|---|---|
| fixed length control field | 01230nam a2200121Ia 4500 |
| 100 ## - MAIN ENTRY--AUTHOR NAME | |
| Personal name | Mohd. Shukari Midon |
| 245 #0 - TITLE STATEMENT | |
| Title | Physical and mechanical properties of rubberwood |
| 260 ## - PUBLICATION, DISTRIBUTION, ETC. (IMPRINT) | |
| Name of publisher | Rubberwood Processing and Utilization, Malaysia, 1994; p27-36 |
| Year of publication | 1994 |
| 520 ## - SUMMARY, ETC. | |
| Summary, etc | Rubberwood has mechanical strength properties comparble to those of some popular local furniture timbers such as dark red meranti, light red meranti, sepetir, nyatoh and remain. Though the overall strength propeties are comparable, the bending strength under static loads of rubberwood is slightly inferior to that of the other popular local furniture timbers. Under compressive load parallel to grain, rubberwood is also slightly inferior. However, in compression perpendicular to grain, it is stronger than dark red meranti and light red meranti. This is also true in the case of the hardness of the timbers. Rubberwood also has higher shear strengths than those of the meranti and ramin. Rubberwood, however, is weaker than nyatoh and sepetir in all strength properties. According to the strength grouping of Malaysian timbers rubberwood falls under the strength group C. |
| 650 ## - SUBJECT ADDED ENTRY--TOPICAL TERM | |
| Topical Term | Rubberwood |
| 942 ## - ADDED ENTRY ELEMENTS (KOHA) | |
| Koha item type | Bibliography RLWO |
| Withdrawn status | Lost status | Damaged status | Not for loan | Home library | Current library | Date acquired | Koha item type |
|---|---|---|---|---|---|---|---|
| Bibliography | RRII Library | RRII Library | 31/12/2021 | Bibliography RLWO |